000 00854cam a2200301 i 4500
003 DO-SdBNP
005 20220926134648.0
008 100514s2007 mx | |||| 000 f spa
015 _a
017 _a
_b
020 _a9789707805453
035 _a
040 _aBPMSU
_bspa
_cBPMSU
_e
080 _a
082 4 _a863.6
_bN322s 2007
_222
100 1 _aNavarro, Julia
_e1953-
245 1 3 _aLa sangre de los inocentes :
_bNovela /
_cJulia Navarro
260 _aMéxico :
_bPlaza Janés,
_c2007.
300 _a779 p. :
_c23 cm
500 _aIncluye datos biográficos de la autora en la solapa de la cubierta.
590 _6Inventariado, 2022/VM
650 4 _aNovela española.
650 4 _aMisterio
_vNovela.
910 _aVMateo V. /Validado
942 _2ddc
_cBK
945 _ainventariado, 2018 / dg
956 _aYLOCKWARD
_810
_cBPMSU
999 _c10570
_d10570